Case problems in international finance / (Record no. 345039)

000 -LEADER
fixed length control field 00719 a2200217 4500
020 ## - INTERNATIONAL STANDARD BOOK NUMBER
International Standard Book Number 0071134239
020 ## - INTERNATIONAL STANDARD BOOK NUMBER
International Standard Book Number 9780071134231
082 04 - DEWEY DECIMAL CLASSIFICATION NUMBER
Classification number 658.1599
090 ## - LOCALLY ASSIGNED LC-TYPE CALL NUMBER (OCLC); LOCAL CALL NUMBER (RLIN)
-- 2544
-- 2544
100 1# - MAIN ENTRY--PERSONAL NAME
Personal name Kester, W.Carl.
245 10 - TITLE STATEMENT
Title Case problems in international finance /
Statement of responsibility, etc. W.Carl Kester.
250 ## - EDITION STATEMENT
Edition statement International Ed ed.
260 ## - PUBLICATION, DISTRIBUTION, ETC.
Place of publication, distribution, etc. [S.l.] :
Name of publisher, distributor, etc. McGraw-Hill Education (ISE Editions),
Date of publication, distribution, etc. 1993.
300 ## - PHYSICAL DESCRIPTION
Extent 634 p.
500 ## - GENERAL NOTE
General note Import.
500 ## - GENERAL NOTE
General note Paperback.
700 1# - ADDED ENTRY--PERSONAL NAME
Personal name Luehrman, Timothy A.
856 40 - ELECTRONIC LOCATION AND ACCESS
Materials specified Amazon.com
Uniform Resource Identifier <a href="http://www.amazon.com/exec/obidos/ASIN/0071134239/chopaconline-20">http://www.amazon.com/exec/obidos/ASIN/0071134239/chopaconline-20</a>
856 40 - ELECTRONIC LOCATION AND ACCESS
Materials specified Amazon customer reviews
Uniform Resource Identifier <a href="http://www.chopac.org/cgi-bin/tools/azrev.pl?q=0071134239">http://www.chopac.org/cgi-bin/tools/azrev.pl?q=0071134239</a>
942 ## - ADDED ENTRY ELEMENTS (KOHA)
Institution code [OBSOLETE] NBS
Koha item type Book
Call number prefix 658.15 KES
Holdings
Withdrawn status Lost status Damaged status Not for loan Permanent Location Current Location Date acquired Total Checkouts Full call number Barcode Date last seen Price effective from Koha item type
        Central Library (CL) Central Library (CL) 08/28/2013   658.15 KES NBS4282 08/28/2013 08/28/2013 Book
        Central Library (CL) Central Library (CL) 08/28/2013   658.15 KES NBS3061 08/28/2013 08/28/2013 Book
© 2023 Central Library, National University of Sciences and Technology. All Rights Reserved.